Código Procesal Penal: anotaciones y concordancias, índice temático, títulos de artículos del cuerpo y de las normas del apéndice
I tiakina i:
| Kaituhi rangatōpū: | |
|---|---|
| Ētahi atu kaituhi: | |
| Hōputu: | Pukapuka |
| Reo: | Pāniora |
| I whakaputaina: |
Santiago, Chile:
Legal Publishing; Thomson Reuters,
2016
|
| Putanga: | Decimosexta Edición. |
| Rangatū: | Colección de Códigos 2016
|
| Ngā marau: | |
| Ngā Tūtohu: |
Tāpirihia he Tūtohu
Kāore He Tūtohu, Me noho koe te mea tuatahi ki te tūtohu i tēnei pūkete!
|
MARC
| LEADER | 00000cam a2200000 a 4500 | ||
|---|---|---|---|
| 001 | UCD4609 | ||
| 003 | CL-VaPUC | ||
| 005 | 20241002151919.0 | ||
| 008 | 160713e20160000cl |||||||||||||||||spa|d | ||
| 999 | |c 365491 |d 365489 | ||
| 020 | |a 9789563467468 | ||
| 040 | |c Pontificia Universidad Católica de Valparaíso | ||
| 082 | 0 | 4 | |a 345.8305 CHI 2016 |2 21 |
| 110 | 1 | |a Chile |9 890760 | |
| 245 | 1 | 0 | |a Código Procesal Penal: anotaciones y concordancias, índice temático, títulos de artículos del cuerpo y de las normas del apéndice |
| 250 | |a Decimosexta Edición. |b Actualizada al 5 de enero de 2016. | ||
| 260 | |a Santiago, Chile: |b Legal Publishing; |b Thomson Reuters, |c 2016 | ||
| 300 | |a 280 páginas | ||
| 490 | 0 | |a Colección de Códigos 2016 | |
| 505 | |a Mensaje -Libro Primero. Disposiciones Generales. -Libro Segundo. Procedimiento Ordinario. -Libro Tercero. Recursos. -Libro Cuarto. Procedimientos Especiales y Ejecución. Apéndice: -Ley N.º 19.640. Establece la Ley Orgánica Constitucional del Ministerio Público (D.O. de 15 de octubre de 1999). -Ley N.º 19.718. Crea la Defensoría Penal Pública (D.O. de 10 de marzo de 2001). | ||
| 583 | |a last modification |c 20160713 20:53:00 |k Rodrigo Vera | ||
| 650 | 1 | |a Derecho penal chileno |9 891941 | |
| 650 | 1 | |a Derecho procesal penal |9 891942 | |
| 650 | 1 | |a Código procesal penal |9 432657 | |
| 650 | 1 | |a Jurisprudencia procesal |9 254972 | |
| 700 | |a Núñez Ojeda, Raúl |9 891943 | ||
| 942 | |c BK |2 ddc | ||
| 945 | |d 20160713 20:53:00 |a arojas | ||
| 952 | |0 0 |1 0 |3 erb |4 0 |6 345_830500000000000_CHI_2016 |7 0 |8 R |9 479366 |a BIBDER |b BIBDER |i 5298059 |l 59 |o 345.8305 CHI 2016 |p 5298059 |r 2024-03-19 |s 2024-03-19 |w 2019-11-24 |y BK_R |z Catalogado en:20160713 |k DER | ||